[Event "Texas Team Championship"]
[Site "San Antonio, Texas"]
[Date "3-13-04"]
[Round "1"]
[White "Vergara, Mitch"]
[Black "Anderson, Selby"]
[Result "1/2-1/2"]
[TimeCtl "30/90"]
[WhiteElo "2142"]
[BlackElo "2275"]

1.d4 Nf6 2.Nf3 e6 3.Bg5 c5 4.e3 Qb6 5.Qc1 Ne4 6.Bf4 Nc6 7.c3 d5 8.Nbd2 f5 9.Bd3 Be7 10.Ne5 0-0 11.0-0 Nxe5 12.Bxe5 Bd7 13.f3 Nxd2 14.Qxd2 Bb5 15.Rf2 Bxd3 16.Qxd3 Bd6 17.Bxd6 Qxd6 18.Re1 e5 19.dxc5 Qxc5 20.f4 Rae8 21.Rd1 Rf7 22.Qxd5 Qxe3 23.fxe5 Rxe5 24.Qc4 g6 25.Rd7 Qe1+ 26.Rf1 Qe3+ 27.Kh1 Ree7 28.Rxe7 Qxe7 29.Rd1 Qe5 30.h3 Kg7 31.Rd5 Qe3 32.Rd8 f4 33.Qd4+ Qxd4 34.Rxd4 g5 35.Kg1  1/2-1/2

[Event "Texas Team Championship"]
[Site "San Antonio, Texas"]
[Date "3-13-04"]
[Round "1"]
[White "Rohrbaugh, James"]
[Black "Stanley, Gregg"]
[Result "1/2-1/2"]
[TimeCtl "30/90"]
[WhiteElo "2254"]
[BlackElo "2086"]

1.c4 g6 2.Nc3 Bg7 3.d4 d6 4.Nf3 Nc6 5.d5 Na5 6.Bd2 Nf6 7.e4 c5 8.Bd3 0-0 9.0-0 a6 10.a3 b6 11.Re1 e5 12.b4 cxb4 13.axb4 Nb7 14.h3 Bd7 15.c5 dxc5 16.Bxa6 Nd6 17.bxc5 bxc5 18.Bd3 Re8 19.Rxa8 Qxa8 20.Qa1 c4 21.Bc2 Qc8 22.Rb1 Bxh3 23.gxh3 Qxh3 24.Nh2 Ng4 25.Nxg4 Qxg4+ 26.Kf1 f5 27.Be3 f4 28.Bc5 f3 29.Be3 Bh6 30.Nd1 Nxe4 31.Bxe4 Bxe3 32.Nxe3 Qxe4 33.Rd1 Qh4 34.Ke1 Qh1+ 35.Nf1 e4 36.Qa4 Kf8 37.Qb4+ Kg7 38.Qxc4 e3 39.Qd4+ Kg8 40.fxe3 f2+  1/2-1/2

[Event "Texas Team Championship"]
[Site "San Antonio, Texas"]
[Date "3-13-04"]
[Round "1"]
[White "Gordon, Martin"]
[Black "Patty, John"]
[Result "1/2-1/2"]
[TimeCtl "30/90"]
[WhiteElo "1893"]
[BlackElo "2204"]

1.e4 e6 2.c4 d5 3.cxd5 exd5 4.exd5 Nf6 5.Nc3 Nxd5 6.d4 Bb4 7.Bd2 0-0 8.Nf3 Nc6 9.Be2 Be6 10.0-0 Be7 11.Ne4 Nf6 12.Nxf6+ Bxf6 13.Bc3 Qd6 14.Qd2 Rad8 15.Rfd1 Rd7 16.Bb5 Rfd8 17.Qe3 Bd5 18.Ne5 Re7 19.f4 a6 (Nb4) 20.Be2 b5 21.Bf3 Nb4 22.Qd2 Nc6 23.Qf2 Ree8 24.Bg4 b4 25.Be1 Be4 26.Rac1 Nxd4 27.Rc4! c5 28.Bxb4 Bxe5 29.Bxc5 Ne2+ 30.Qxe2 Qxd1+ 31.Qxd1 Rxd1+ 32.Bxd1 Bxb2 33.Ba4 Bd3  1/2-1/2

[Event "Texas Team Championship"]
[Site "San Antonio, Texas"]
[Date "3-13-04"]
[Round "1"]
[White "Hyltin, J.P."]
[Black "Ramirez, Vince"]
[Result "1-0"]
[TimeCtl "30/90"]
[WhiteElo "1956"]
[BlackElo "1003"]

1.d4 d5 2.c4 c6 3.Nc3 Bf5 4.cxd5 cxd5 5.Qb3 Nd7 6.Nxd5 Be6 7.e4 Nb6 8.Nxb6 axb6 9.Bb5+ Bd7 10.Nf3 Ra5 11.Ne5 e6 12.Bxd7+ Ke7 13.Bg5+ f6 14.Qxe6# 1-0

[Event "Texas Team Championship"]
[Site "San Antonio, Texas"]
[Date "3-13-04"]
[Round "1"]
[White "Morshedi, Ali"]
[Black "Dike, Dale"]
[Result "1/2-1/2"]
[TimeCtl "30/90"]
[WhiteElo "2296"]
[BlackElo "2006"]

1.e4 e5 2.Nf3 Nc6 3.Bb5 a6 4.Ba4 d6 5.d4 b5 6.Bb3 Nxd4 7.Nxd4 exd4 8.c3 d3 9.Qxd3 Nf6 10.Bg5 Be7 11.0-0 0-0 12.Bc2 g6 13.Nd2 Nd7 14.Bh6 Re8 15.f4 Bf8 16.Bg5 Be7 17.Nf3 Bb7 18.Qd2 Nc5 19.Rae1 Bxg5 20.Nxg5 h6 21.Nxf7 Kxf7 22.e5 Kg7 23.Qf2 Bd5 24.Qd4 dxe5 25.Qxc5 Qd6 26.Qe3 exf4 27.Qd4+ Kh7 28.Rd1 Rad8 29.Rxf4 Qe5 30.Qf2 Qe3 31.Qxe3 Rxe3 32.Kf2 Ree8 33.Rfd4 c6 34.Bb3 Re5 35.Bxd5 cxd5 36.R1d3 g5 37.Re3 Rf8+ 38.Ke2 Ref5 39.Kd3 Rf1 40.Kc2 Kg6 41.Re6+ Kf5 42.Rxh6 Rf2+ 43.Rd2 Ke5 44.g4 Rxd2+ 45.Kxd2 Rf2+ 46.Kc1 Ke4 47.a3 Kd3 48.Kb1 a5 49.h4 Rg2 50.hxg5 Rxg4 51.Rh3+ Kc4  1/2-1/2

[Event "Texas Team Championship"]
[Site "San Antonio, Texas"]
[Date "3-13-04"]
[Round "1"]
[White "Molina, William"]
[Black "Marcott, Don"]
[Result "1/2-1/2"]
[TimeCtl "30/90"]
[WhiteElo "1935"]
[BlackElo "2133"]

1.d4 d6 2.Nf3 Bg4 3.e3 Nd7 4.h3 Bh5 5.Be2 e5 6.dxe5 dxe5 7.Nxe5 Bxe2 8.Qxd7+ Qxd7 9.Nxd7 Bb5 10.Nxf8 Kxf8 11.Nc3 Bc6 12.0-0 Rd8 13.e4 Nf6 14.Bg5 Re8 15.f3 h6 16.Bf4 Re7 17.Rad1 g5 18.Be3 Kg7 19.Bd4 Kg6 20.Bxf6 Kxf6 21.Nd5+ Bxd5 22.Rxd5 Re5 23.Rfd1 Rhe8 24.c4 Rxd5 25.Rxd5 Re6 26.Rd7 Rc6 27.b3 Ke6 28.Rd2 a5 29.Kf2 a4 30.g3 axb3 31.axb3 Rb6 32.Rd3 Ra6 33.f4 gxf4 34.gxf4 Ra2+ 35.Ke3 Rh2 36.Kd4 Re2 37.f5+ Kf6 38.b4 Rb2 39.b5 Re2 40.b6 cxb6 41.Rb3 Rd2+ 42.Ke3 Rd6 43.Kf4 Ke7 44.c5 bxc5 45.Rxb7+ Rd7 46.Rxd7+ Kxd7 47.e5 Kc6 48.Ke4 c4 49.Kd4 c3 50.Kc3 Kd5 51.e6 fxe6  1/2-1/2

[Event "Texas Team Championship"]
[Site "San Antonio, Texas"]
[Date "3-13-04"]
[Round "1"]
[White "Bell, John G."]
[Black "Irwin, Phillip"]
[Result "0-1"]
[TimeCtl "30/90"]
[WhiteElo "2184"]
[BlackElo "1729"]

1.d4 Nf6 2.Nf3 g6 3.c4 Bg7 4.Nc3 d6 5.e4 Bg4 6.h3 Bxf3 7.Qxf3 Nbd7 8.Bd3 c5 9.Be3 Qb6 10.Ne2 Qxb2 11.0-0 Qa3 12.Rfd1 0-0 13.Rd2 Nh5 14.g4 cxd4 15.Nxd4 Ne5 16.Qe2 Nf6 17.f4 Nxd3 18.Rxd3 Qa4 19.Rb3 Nxe4 20.Rxb7 Nc5 21.Rxe7 Rfe8 22.Rxe8+ Rxe8 23.Rd1 Rxe3  0-1

[Event "Texas Team Championship"]
[Site "San Antonio, Texas"]
[Date "3-13-04"]
[Round "1"]
[White "Davila, Gilbert"]
[Black "Silva, Jose Luis"]
[Result "1-0"]
[TimeCtl "30/90"]
[WhiteElo "1778"]
[BlackElo "2217"]

1.d4 Nf6 2.c4 c5 3.d5 b5 4.cxb5 a6 5.bxa6 Bxa6 6.Nc3 g6 7.e4 Bxf1 8.Kxf1 d6 9.g3 Bg7 10.Kg2 0-0 11.Nf3 Na6 12.Nd2 Nb4 13.h3 Nd7 14.Nc4 Nb6 15.Qe2 e6 16.Rd1 Nxc4 17.Qxc4 Nc2 18.Rb1 Nd4 19.b4 cxb4 20.Rxb4 Rc8 21.Qd3 Qa5 22.a3 exd5 23.Nxd5 Nc6 24.Rb5 Qd8 25.Bb2 Bxb2 26.Rxb2 Ne5 27.Qb1 Ra8 28.Qa1 f5 29.f4 fxe4 30.fxe5 Qa5 31.Nf6+ Rxf6 32.exf6 Qc3 33.Qa2+ Kf8 34.Rb7 Qf3+ 35.Kh2 d5 36.Rxd5  1-0

[Event "Texas Team Championship"]
[Site "San Antonio, Texas"]
[Date "3-13-04"]
[Round "1"]
[White "Castilleja, Steven"]
[Black "Pemberton, Cody"]
[Result "1-0"]
[TimeCtl "30/90"]
[WhiteElo "1568"]
[BlackElo "1482"]

1.e4 c5 2.d4 cxd4 3.Nf3 d6 4.Nxd4 Nf6 5.Nc3 a6 6.f3 e6 7.Be3 Nbd7 8.Bc4 Qc7 9.Bb3 b5 10.0-0 Bb7 11.Qe1 Ne5 12.Bg5 Nc4 13.Bxc4 Qxc4 14.Bxf6 gxf6 15.Rd1 Be7 16.Nb3 b4 17.Rd4 Qc7 18.Rxb4 d5 19.Rd4 0-0-0 20.Qf2 dxe4 21.Rxd8+ Rxd8 22.Nxe4 Bd5 23.Qe2 Bc4 24.Qe1 f5 25.Nc3 Bxf1 26.Qxf1 Bc5+ 27.Kh1 Rd6 28.g4 fxg4 29.Ne4 Rd5 30.Nexc5 Rf5 31.Qxa6+ Kd8 32.Nb7+ Ke7 33.Qa3+ Kf6 34.Qb4 gxf3 35.Nd2 f2 36.Qd4+ Ke7 37.Qb4+ Kf6 38.Qd4+ e5 39.Ne4+ Kg7  1-0

[Event "Texas Team Championship"]
[Site "San Antonio, Texas"]
[Date "3-13-04"]
[Round "2"]
[White "Anderson, Selby"]
[Black "Bell, John G."]
[Result "0-1"]
[TimeCtl "30/90"]
[WhiteElo "2275"]
[BlackElo "2184"]

1.e4 d5 2.exd5 Qxd5 3.Nc3 Qa5 4.d4 Nf6 5.Nf3 c6 6.Ne5 Nbd7 7.Nc4 Qc7 8.g3 b5 9.Bf4 Qb7 10.Na5 Qb6 11.Bg2 g5 12.Be5 b4 13.Ne2 Ba6 14.Bxf6 exf6 15.Nxc6 Rc8 16.d5 Bc5 17.0-0 0-0 18.Qd2 Rfe8 19.Rae1 Ne5 20.Nxe5 Rxe5 21.Bf3 Rce8 22.Kg2 h6 23.h3 Qd6 24.Rh1 Qe7 25.Kf1 Rf5  0-1

[Event "Texas Team Championship"]
[Site "San Antonio, Texas"]
[Date "3-13-04"]
[Round "2"]
[White "Carvajal, Cristian"]
[Black "Rohrbaugh, James"]
[Result "1-0"]
[TimeCtl "30/90"]
[WhiteElo "2254"]
[BlackElo "2046"]

1.e4 e6 2.d4 d5 3.Nd2 Nf6 4.e5 Nfd7 5.Bd3 c5 6.c3 Nc6 7.Ne2 Qb6 8.Nf3 cxd4 9.cxd4 f6 10.exf6 Nxf6 11.0-0 Bd6 12.Bf4 Bxf4 13.Nxf4 Qxb2 14.Re1 0-0 15.Re3 Ne4 16.Bxe4 Rxf4 17.Rb3 Qxa1 18.Bxh7+ Kxh7 19.Qxa1 Kg8 20.Qc1 Nxd4 21.Nxd4 Rxd4 22.h4 Rg4 23.Qc7 b6 24.Qc6  1-0

[Event "Texas Team Championship"]
[Site "San Antonio, Texas"]
[Date "3-13-04"]
[Round "2"]
[White "Patty, John"]
[Black "Disher, Karl"]
[Result "1/2-1/2"]
[TimeCtl "30/90"]
[WhiteElo "2204"]
[BlackElo "1958"]

1.d4 Nf6 2.c4 c5 3.d5 e6 4.Nc3 exd5 5.cxd5 d6 6.e4 g6 7.f4 Bg7 8.Bb5+ Nfd7 9.a4 a6 10.Bc4 Qh4+ 11.g3 Qe7 12.Nf3 Bxc3+ 13.bxc3 Qxe4+ 14.Be2 Nf6 15.0-0 Qxd5 16.Nd2 0-0 17.Bf3 Qd3 18.Ne4 Qxd1 19.Nxf6+ Kg7 20.Rd1 Kxf6 21.Rxd6+ Kg7 22.Be3 c4 23.Rad1 Nc6 24.Bd5 Bg4 25.Rd2 Rfe8 26.Kf2 Re7 27.Bxc6  bxc6 28.Rxc6 Rae8 29.Bd4+ Kh6 30.Be5 Re6! 31.Rdd6 Rxd6 32.Rxd6 Re6 33.Rxe6 Bxe6 34.a5 Kh5  1/2-1/2

[Event "Texas Team Championship"]
[Site "San Antonio, Texas"]
[Date "3-13-04"]
[Round "2"]
[White "Willis, Matt"]
[Black "Hyltin, J.P."]
[Result "1-0"]
[TimeCtl "30/90"]
[WhiteElo "1938"]
[BlackElo "1956"]

1.d4 Nf6 2.Nf3 d5 3.c4 e6 4.Nc3 Be7 5.Bg5 h6 6.Bh4 0-0 7.e3 b6 8.cxd5 Nxd5 9.Bxe7 Qxe7 10.Bd3 c5  11.dxc5 Nxc3 12.bxc3 Qxc5 13.Be4 Nc6 14.0-0 Ba6 15.Re1 Rad8 16.Qc2 Na5 17.Nd4 Bb7 18.Bxb7 Nxb7 19.Qa4 Qa5 20.Qc4 Rc8 21.Nc6 Qg5 22.Qe4 Nd6 23.Qf3 Rc7 24.Red1 Nf5 25.Nd4 Nh4 26.Qg3 Rxc3 27.Qxg5 hxg5 28.Nb5 Rc5 29.Nxa7 Ra8 30.Rd7 Ra5 31.Nc6 Rxa2 32.Rad1 Ng6 33.h3 Rc2 34.Nb4 Rc4 35.Nd3 Ra3 36.Rb1 Rcc3 37.Ne1 Ne5 38.Rb7 Rcb3 39.Rd1 Ra2 40.f4 gxf4 41.exf4 Ng6 42.f5 exf5 43.Rd8+ Kh7 44.Rxf7 Rb1 45.Re8 Nh4 46Kf1 Nxg2 47.Rxf5 Nxe1 48.Rxe1 Rxe1+ 49.Kxe1 Rb2 50.Kd1 Kg6 51.Rd5 Kf6 52.Kc1 Rb4 53. Kd2 g5 54. Rd8 1/2-1/2

[Event "Texas Team Championship"]
[Site "San Antonio, Texas"]
[Date "3-13-04"]
[Round "2"]
[White "Marcott, Don"]
[Black "Morshedi, Ali"]
[Result "0-1"]
[TimeCtl "30/90"]
[WhiteElo "2133"]
[BlackElo "2296"]

1.d4 d5 2.c4 c6 3.cxd5 cxd5 4.Nc3 Nf6 5.Nf3 Nc6 6.Bf4 e6 7.e3 Bd6 8.Ne5 0-0 9.Bb5 Qc7 10.Bxc6 bxc6 11.0-0 Ba6 12.Re1 c5 13.Qa4 Qb6 14.dxc5 Bxc5 15.Bg5 Bc8 16.Bxf6 gxf6 17.Qg4+ Kh8 18.Na4 Qd6 19.Nd3 Bb6 20.Nxb6 axb6 21.Qh4 e5 22.Nb4 Rg8 23.Nxd5 Qxd5 24.Qxf6+ Rg7 25.e4 Qe6 26.Qd8+ Rg8 27.Qh4 Qg6 28.g3 Be6 29.Qe7 Rae8 30.Qc7 Bg4 31.Re3 Qf6 32.Rb3 Re6 33.f3 Rc6 34.Qb7 Bc8 35.Qa7 Rd8 36.a4 Rd2 37.a5 Qh6 38.h4 Rg2+  0-1

[Event "Texas Team Championship"]
[Site "San Antonio, Texas"]
[Date "3-13-04"]
[Round "2"]
[White "Moss, Larry"]
[Black "Alperovich, Asher"]
[Result "1-0"]
[TimeCtl "30/90"]
[WhiteElo "2214"]
[BlackElo "2126"]

1.e4 e5 2.Bc4 Nf6 3.d3 c6 4.Bb3 Bc5 5.Nf3 d6 6.0-0 0-0 7.h3 a5 8.c3 Nbd7 9.Re1 Qe7 10.Nbd2 Bb6 11.Nf1 Nc5 12.Bc2 Ne6 13.d4 Qc7 14.Ng3 Nf4 15.Bxf4 exf4 16.Ne2 Nh5 17.Qd2 f5 18.e5 dxe5 19.Nxe5 g5 20.g3 fxg3 21.Qxg5+ Kh8 22.Nxg3 Nxg3 23.Ng6+ hxg6 24.Re7 Ne2+ 25.Kf1 Qf4 26.Qxg6  1-0

[Event "Texas Team Championship"]
[Site "San Antonio, Texas"]
[Date "3-13-04"]
[Round "2"]
[White "Silva, Jose Luis"]
[Black "Smith, Raymond H."]
[Result "1-0"]
[TimeCtl "30/90"]
[WhiteElo "2217"]
[BlackElo "1727"]

1.d4 Nf6 2.c4 g6 3.Nc3 Bg7 4.e4 d6 5.Nge2 0-0 6.Ng3 e5 7.d5 c6 8.h4 h5 9.Bg5 Qb6 10.Qd2 Kh7 11.Be2 Ng4 12.Bxg4 Bxg4 13.Be7 Bh6 14.Qc2 Rc8 15.f3 Bd7 16.Bxd6 cxd5 17.Bxb8 Raxb8 18.Nd5 Qd6 19.b4 Bf4 20.Ne2 b6 21.Rd1 Bb5 22.Nexf4 exf4 23.Qb2 Rc6 24.cxb5  1-0

[Event "Texas Team Championship"]
[Site "San Antonio, Texas"]
[Date "3-13-04"]
[Round "2"]
[White "Ramirez, Vicente"]
[Black "Pemberton, Cody"]
[Result "0-1"]
[TimeCtl "30/90"]
[WhiteElo "1003"]
[BlackElo "1482"]

1.e4 c5 2.g3 d6 3.Bg2 Nf6 4.d3 Nc6 5.Nf3 h6 6.0-0 e5 7.a4 Be6 8.Nc3 Qd7 9.Kh1 Be7 10.Ng1 0-0-0 11.f4 Bg4 12.Bf3 Nd4 13.Bxg4 Nxg4 14.f5 Nf6 15.Be3 g5 16.fxg6 fxg6 17.Rxf6 Bxf6 18.Bxd4 exd4 19.Nd5 Be5 20.Qd2 Kb8 21.b4 Qg4 22.b5 h5 23.Rb1 h4 24.Ne7 hxg3 25.h3 Rxh3+ 26.Nxh3 Qxh3+ 27.Kg1 Rh8 28.Qg2 Qh6 29.Nd5 Qg5 30.a5 Rh2 31.Qf3 Rf2 32.Qh1 Rxc2 33.Qh7 Rc1+ 34.Rxc1 Qxc1+ 35.Kg2 Qd2+ 36.Kh1 Qe1+  0-1

[Event "Texas Team Championship"]
[Site "San Antonio, Texas"]
[Date "3-13-04"]
[Round "2"]
[White "Carrizales, Juan"]
[Black "Machado, Mike"]
[Result "1/2-1/2"]
[TimeCtl "30/90"]
[WhiteElo "1764"]
[BlackElo "1795"]

1.e4 c5 2.Nc3 d6 3.Bb5+ Bd7 4.Bxd7+ Nxd7 5.f4 g6 6.Nf3 Bg7 7.0-0 a6 8.Qe1 e6 9.d3 Ne7 10.Kh1 0-0 11.g4 f6 12.f5 e5 13.fxg6 Nxg6 14.Nd5 b5 15.Nh4 Nb6 16.Ne3 d5 17.Nef5 Ra7 18.Nxg7 Kxg7 19.Nf5+ Kh8 20.Qg3 Qd7 21.Bh6 Rf7 22.g5 Qc6 23.Rae1 dxe4 24.dxe4 Nc4 25.gxf6 Rxf6 26.Bg5 Rff7 27.h4 Nd6 28.h5 Nxf5 29.Rxf5 Rxf5 30.hxg6 hxg6 31.Kg1 Rxg5 32.Qxg5 Qe6 33.Re2 Rh7 34.Rf2 Qe7 35.Rf6 Rg7 36.Qh6+ Kg8 37.Rxa6 Qe8 38.Rd6 c4 39.Qg5 Qe7 40.Qxe7 Rxe7 41.Rxg6+ Kf7 42.Rb6 Ra7 43.Rxb5 Rxa2 44.c3 Ke6 45.Kf2 Kd6 46.Ke3 Ke6 47.b3 cxb3 48.Rxb3 Rh2 49.Rb6+ Kd7 50.Kd3 Rh3+ 51.Kc4 Re3 52.Kd5 Rxc3 53.Rb7+ Kc8 54.Rh7 Ra3 55.Kxe5 Ra5+ 56.Kf4 Kd8 57.e5 Ra6 58.Kf5 Ke8 59.e6 Ra1 60.Rh4 Rf1+ 61.Rf4 Re1 62.Kf6 Rh1 63.Rf5 Rh6+ 64.Ke5 Rh1 65.Rg5 Re1+ 66.Kf6 Rf1+ 67.Rf5 Rxf5+ 68.Kxf5 Ke7 69.Ke5 Ke8 70.Kd6 Kd8 71.Kd5 Ke7 72.Ke5 Ke8  1/2-1/2

[Event "Texas Team Championship"]
[Site "San Antonio, Texas"]
[Date "3-14-04"]
[Round "3"]
[White "Morshedi, Ali"]
[Black "Bell, John G."]
[Result "1-0"]
[TimeCtl "30/90"]
[WhiteElo "2296"]
[BlackElo "2184"]

1.e4 Nc6 2.Nf3 e5 3.Bb5 a6 4.Ba4 Nf6 5.0-0 b5 6.Bb3 Be7 7.d4 exd4 8.e5 Ne4 9.Nxd4 Bb7 10.Nf5 Nxe5 11.Nxg7+ Kf8 12.Bh6 Kg8 13.Qh5 Bf6 14.Nf5 Ng6 15.Nd2 Nc5 16.Rfe1 Ne6 17.Ne4 Bxe4 18.Rxe4 d5 19.Rg4 c5 20.Bxd5 Nxg7 21.Bxg7 Bxg7 22.Bxa8 Qxa8 23.Nxg7 Kxg7 24.Qe5+ Kh6 25.Qf6 Rd8 26.Rh4#  1-0

[Event "Texas Team Championship"]
[Site "San Antonio, Texas"]
[Date "3-14-04"]
[Round "3"]
[White "Hortillosa, Andres"]
[Black "Stanley, Gregg"]
[Result "0-1"]
[TimeCtl "30/90"]
[WhiteElo "1900"]
[BlackElo "2086"]

1.e4 g6 2.d4 Bg7 3.c4 Nc6 4.Be3 e5 5.d5 Nce7 6.Bd3 d6 7.Ne2 f5 8.f3 Bh6 9.Qd2 Bxe3 10.Qxe3 f4 11.Qd2 g5 12.Nbc3 Ng6 13.0-0-0 Nh4 14.Rhg1 Nf6 15.Rdf1 Nh5 16.g3 Ng6 17.Rf2 Qe7 18.Kb1 a6 19.Rc1 Bd7 20.Qc2 0-0 21.Rg1 Kh8 22.Qd1 Rab8 23.Nc1 Nf6 24.g4 Kg7 25.h3 Rh8 26.Qf1 Kf7 27.Nb3 h5 28.Rc2 Rh7 29.Na5 b6 30.Nc6 Bxc6 31.dxc6 hxg4 32.hxg4 Qe8 33.c5 bxc5 34.Bxa6 Qxc6 35.Bb5 Qb7 36.Qc4 Kg7 37.Ba4 Qb4 38.Qe6 Qd4 39.Rd1 Qe3 40.Bb3 Rf8 41.Nd5 Qxf3 42.Rxc5 dxc5 43.Nxf6 Rh1 44.Qd7+ Kxf6 45.a3 Rxd1+ 46.Bxd1 Qf1 47.Ka2 Rf7 48.Qc6+ Kg7 49.Bb3 Re7 50.Qxc5 Qd3  0-1

[Event "Texas Team Championship"]
[Site "San Antonio, Texas"]
[Date "3-14-04"]
[Round "3"]
[White "Castilleja, Steven"]
[Black "Ramirez, Vince"]
[Result "1-0"]
[TimeCtl "30/90"]
[WhiteElo "1568"]
[BlackElo "1003"]

1.e4 c5 2.d4 cxd4 3.Nf3 d6 4.Nxd4 g6 5.Be3 Bg7 6.Nc3 Nf6 7.f3 Bd7 8.Qd2 Nc6 9.g4 Rc8 10.0-0-0 Qa5 11.Nb3 Qc7 12.Bh6 0-0 13.Bxg7 Kxg7 14.h4 Ne5 15.Be2 b5 16.h5 b4 17.Nd5 Nxd5 18.exd5 Rh8 19.hxg6 hxg6 20.Rxh8 Rxh8 21.Qxb4 Rh2 22.Qe4 Bb5 23.Bxb5 Nxf3 24.Bc6 Rf2 25.Qe3 Qb6 26.Qxb6 axb6 27.Nd2 Ne5 28.b4 Nxg4 29.Nc4 f5 30.Nxb6 Ne3 31.Rd2 Rf1+ 32.Kb2 Nd1+ 33.Kb3 f4 34.Bb5 Re1 35.a4 Ne3 36.a5 Rb1+ 37.Ka3 Ra1+ 38.Kb2 Rh1 39.a6 Nd1+ 40.Rxd1 Rxd1 41.a7 f3 42.a8(Q) f2 43.Qe8 Re1 44.Bd3 f1(Q) 45.Qxg6+ Kf8 46.Nd7 mate  1-0

[Event "Texas Team Championship"]
[Site "San Antonio, Texas"]
[Date "3-14-04"]
[Round "3"]
[White "Molina, William"]
[Black "Anderson, Selby"]
[Result "0-1"]
[TimeCtl "30/90"]
[WhiteElo "1935"]
[BlackElo "2275"]

1.d4 Nf6 2.Nf3 c5 3.c4 cxd4 4.Nxd4 e5 5.Nb5 d5 6.cxd5 a6 7.N5c3 Bc5 8.b4 Ba7 9.Qb3 0-0 10.g3 Ng4 11.Ne4 Bf5 12.Nbd2 Bxe4 13.Nxe4 f5 14.Bg5 Bxf2+ 15.Kd2 Qb6 16.Nxf2 Qxf2 17.Be3 Qxe3+ 18.Qxe3 Nxe3 19.Kxe3 Nd7 20.Rc1 Rac8 21.Bg2 Nb6 22.d6 e4 23.Kd4 Kf7 24.g4 g6 25.Rc7+ Ke6 26.Rxb7 Rc4+ 27.Ke3 f4+ 28.Kf2 e3+ 29.Kf3 Nd7 30.Bh3 Ne5+ 31.Kg2 f3+ 32.exf3 Rc2+ 33.Kg3 Rxf3+ 34.Kh4 g5+ 35.Kxg5 Rxh3 36.Rc7 Rf2  0-1

[Event "Texas Team Championship"]
[Site "San Antonio, Texas"]
[Date "3-14-04"]
[Round "4"]
[White "Anderson, Selby"]
[Black "Morshedi, Ali"]
[Result "0-1"]
[TimeCtl "30/90"]
[WhiteElo "2275"]
[BlackElo "2296"]

1.e4 c5 2.Nf3 d6 3.Bb5+ Bd7 4.Bxd7+ Qxd7 5.0-0 Nc6 6.d3 g6 7.Ng5 e6 8.f4 Nge7 9.c3 Bg7 10.Be3 f6 11.Nh3 f5 12.Nd2 0-0 13.g4 b6 14.Bf2 d5 15.gxf5 e5 16.fxe5 gxf5 17.e6 Qxe6 18.Nf4 Qf7 19.Bg3 Rad8 20.Qe2 Kh8 21.Nf3 Bh6 22.Nh4 Rde8 23.Nh5 c4 24.dxc4 dxe4 25.Kh1 Qe6 26.Rad1 Ne5 27.Nf4 Qf7 28.Nd5 N5g6 29.Nxe7 Nxe7  0-1 {time}

[Event "Texas Team Championship"]
[Site "San Antonio, Texas"]
[Date "3-14-04"]
[Round "4"]
[White "Moss, Larry"]
[Black "Rohrbaugh, James"]
[Result "1/2-1/2"]
[TimeCtl "30/90"]
[WhiteElo "2214"]
[BlackElo "2254"]

1.e4 e6 2.Qe2 c5 3.f4 Nc6 4.Nf3 d6 5.g3 g6 6.Bg2 Bg7 7.c3 Nge7 8.0-0 0-0 9.d3 e5 10.Be3 b6 11.Nbd2 f5 12.Nh4 Ba6 13.Nc4 Rc8 14.exf5 gxf5 15.fxe5 dxe5 16.Bg5 Qd7 17.Bxe7 Nxe7 18.Nxe5 Bxe5 19.Qxe5 Bxd3 20.Rad1 c4 21.Rfe1 Rfe8 22.b4 Rcd8 23.Bf3 Ng6 24.Qf6 Qg7 25.Bd5+ Kh8 26.Nxg6+ hxg6 27.Qh4+ Qh7 28.Qd4+ Qg7 29.Qh4+ Qh7 30.Qd4+ Qg7  1/2-1/2

[Event "Texas Team Championship"]
[Site "San Antonio, Texas"]
[Date "3-14-04"]
[Round "4"]
[White "Patty, John"]
[Black "Fuhrmann, Marc"]
[Result "1-0"]
[TimeCtl "30/90"]
[WhiteElo "2204"]
[BlackElo "1993"]

1.d4 d5 2.c4 c6 3.Nc3 Nf6 4.Bg5 dxc4 5.e4 b5 6.f3 Qa5 7.Bd2 Qb6 8.Nge2 Nbd7 9.a4 e5 10.Be3 b4 11.a5 Qc7 12.Nb1 Bd6 13.Nd2 exd4 14.Nxd4 c3 15.bxc3 Bxh2 16.cxb4 Bg3+ 17.Bf2 Bxf2+ 18.Kxf2 Qf4 19.Nc4 Nxe4+ 20.Kg1 Ng3 21.Qe1+ Kf8 22.Nxc6 Bb7 23.Qe7+ Kg8 24.Rh4 Qf6 25.Qxf6 Nxf6 26.b5 Nxf1 27.Rxf1 Bxc6 28.bxc6 Rc8 29.Rb1 g5 30.Rd4 Rxc6 31.Rb7 Kg7 32.Rxa7 Rhc8 33.Ne5 R6c7 34.Rxc7 Rxc7 35.Ra4 Nd7 36.Nxd7 Rxd7 37.a6 Ra7 38.Kf2 Kf6 39.Ke3 Ke6 40.g4 f5 41.Ra5 fxg4 42.fxg4 Kf6 43.Kd4 Kg6 44.Kc5 h5 45.Kb6 Ra8 46.Kb7 Rg8 47.gxh5+ Kxh5 48.a7 Kh4 49.a8(Q) Rxa8 50.Rxa8 g4 51.Kc6 Kh3 52.Kd5 g3 53.Ke4 g2 54.Kf3 Kh2 55.Rh8+ Kg1 56.Rg8 Kh1 57.Kf2  1-0

[Event "Texas Team Championship"]
[Site "San Antonio, Texas"]
[Date "3-14-04"]
[Round "4"]
[White "Young, Steven D."]
[Black "Hyltin, J.P."]
[Result "0-1"]
[TimeCtl "30/90"]
[WhiteElo "1917"]
[BlackElo "1956"]

1.f4 c5 2.Nf3 Nc6 3.g3 d6 4.Bg2 e6 5.e4 g6 6.Nc3 Bg7 7.O-O Nge7 8.d3 e5 9.f5 gxf5 10.Nh4 f4 11.Qh5 Nd4 12.gxf4 Ng6 13.Nf5 Bxf5 14.exf5 Qh4 15.Qxh4 Nxh4 16.Bxb7 Rb8 17.Be4 Nhxf5 18.fxe5 Nxc2 19.Rb1 Bxe5 20.Nd5 Ne7 21.Nxe7 Kxe7 22.Kh1 f6 23.b3 Rhg8 24.Bf4 Rg7 25.Bxe5 dxe5 26.Rbc1 Ne3 27.Rf3 f5 28.Rxe3 fxe4 29.Rxc5 Rbg8 30.Rc7+ Kd6 31.Rxg7 Rxg7 32.Rxe4 Kd5 33.Rc4 Kd6 34.b4 Kd5 35.a4 h5 36.b5 Rg4 37.a5 Rg7 38.Rh4 Rb7 39.b6 axb6 40.axb6 Rxb6 41.Rxh5 Rb3 42.Kg2 Rxd3 43.Kf2 Kd4 44.Ke2 Ra3 45.Rh8 Ra2+ 46.Kf1 e4 47.Ke1 Kd3 48.h4 Ra1+ 49.Kf2 e3+ 50.Kf3 Rf1+ 51.Kg4 e2 52.Re8 e1=Q 53.Rxe1 Rxe1 54.Kg5 Ke4 55.h5 Ke5 56.Kg6 Ke6 57.h6 Rg1+ 58.Kh7 Kf6 59.Kh8 Kg6  0-1

[Event "Texas Team Championship"]
[Site "San Antonio, Texas"]
[Date "3-14-04"]
[Round "4"]
[White "Bell, John G."]
[Black "Marcott, Don"]
[Result "0-1"]
[TimeCtl "30/90"]
[WhiteElo "2184"]
[BlackElo "2133"]

1.c4 e5 2.Nc3 d6 3.g3 f5 4.Bg2 Nf6 5.Nf3 Be7 6.0-0 0-0 7.d3 Qe8 8.Bd2 Qh5 9.Rc1 Nc6 10.Nd5 Bd8 11.b4 f4 12.e3 g5 13.Nxg5 Qxg5 14.exf4 Qg6 15.fxe5 Nxe5 16.d4 Nf7 17.Qe2 Nxd5 18.Bxd5 c6 19.Bg2 Bg4 20.Qe3 Bg5 21.f4 Rfe8 22.Qc3 Bf6 23.Be3 Qg7 24.Bf2 Re2 25.Rcd1 Rxf2 26.Kxf2 Bxd1 27.Rxd1 c5 28.bxc5 dxc5 29.Qa5 Bxd4+ 30.Kf1 Qg4 31.Re1 Qf5 32.Bxb7 Qh3+ 33.Ke2 Re8+ 34.Kd1 Qh5+ 35.Kc1 Be3+ 36.Kb1 Qg6+ 37.Kb2 Qd3 38.Bd5 Rb8+ 39.Ka1 Bd4+  0-1

[Event "Texas Team Championship"]
[Site "San Antonio, Texas"]
[Date "3-14-04"]
[Round "4"]
[White "Alperovich, Asher"]
[Black "Carvajal, Cristian"]
[Result "0-1"]
[TimeCtl "30/90"]
[WhiteElo "2126"]
[BlackElo "2046"]

1.d4 d5 2.c4 e6 3.Nc3 Nf6 4.Nf3 c6 5.e3 Bd6 6.Qc2 Nbd7 7.g4 Bb4 8.Bd2 Bxc3 9.Bxc3 Ne4 10.Bd3 Nxc3 11.Qxc3 dxc4 12.Bxc4 b5 13.Bd3 Bb7 14.Ne5 Nxe5 15.dxe5 0-0 16.0-0-0 Qe7 17.Rhg1 a6 18.Kb1 c5 19.Qc2 g6 20.Be4 Rac8 21.Rd6 c4 22.Rgd1 Bxe4 23.Qxe4 c3 24.bxc3 Rxc3 25.Rc1 Rc4 26.Rxc4 bxc4 27.Rc6 Qb4+ 28.Kc1 Qe1+ 29.Kc2 Qxf2+ 30.Kc3 Qxa2 31.Qxc4 Qa1+ 32.Kd3 Qxe5 33.Rxa6 Rd8+  0-1

[Event "Texas Team Championship"]
[Site "San Antonio, Texas"]
[Date "3-14-04"]
[Round "4"]
[White "Disher, Karl"]
[Black "Alston, Angela"]
[Result "1/2-1/2"]
[TimeCtl "30/90"]
[WhiteElo "1958"]
[BlackElo "2100"]

1.e4 c6 2.c4 d5 3.cxd5 cxd5 4.exd5 Nf6 5.Qa4+ Nbd7 6.Nc3 g6 7.g3 Bg7 8.Bg2 0-0 9.d4 Nb6 10.Qb3 e6 (Bf5 11.Nge2 Bd3) 11.Nge2 Nbxd5 12.0-0 b6 13.Bg5 Bb7 14.Nxd5 Bxd5 15.Bxd5 Qxd5 16.Qxd5 Nxd5 17.Rac1 Rac8 18.a3 h6 19.Bd2 Rfd8 20.Rxc8 Rxc8 21.Rc1 Rxc1+ 22.Bxc1 h5 23.Kf1 Kf8 24.Ke1 Ke7 25.Kd2 a6 26.Kd3 Kd6 27.Bd2 b5 28.h3 Bf6 29.g4 hxg4 30.hxg4 e5 31.Ng3 exd4 32.Ne4+ Kc6 33.Nxf6 Nxf6 34.g5 Nd7 35.Kxd4 Kd6 36.b3 Kc6 37.Bf4 Nf8  1/2-1/2

[Event "Texas Team Championship"]
[Site "San Antonio, Texas"]
[Date "3-14-04"]
[Round "4"]
[White "Silva, Jose Luis"]
[Black "Dike, Dale"]
[Result "1-0"]
[TimeCtl "30/90"]
[WhiteElo "2217"]
[BlackElo "2006"]

1.d4 Nf6 2.c4 g6 3.Nc3 d5 4.cxd5 Nxd5 5.e4 Nxc3 6.bxc3 Bg7 7.Bb5+ c6 8.Ba4 0-0 9.Ne2 b5 10.Bb3 a6 11.h4 e6 12.h5 c5 13.hxg6 hxg6 14.Bh6 Bxh6 15.Rxh6 Kg7 16.Qd2 Rh8 17.Rxh8 Qxh8 18.0-0-0 Bb7 19.dxc5 Bc6 20.Qd4+ Kg8 21.Qd6 Qg7 22.Rh1  1-0